000 01135nam0a2200301 4500
001 RU\NLR\bibl\912149
005 20250614183702.0
010 _a5-02-033880-X
_9450
021 _aRU
_b2005-2017и
_997и
035 _a(NLR Aleph) 000900485
090 _a1772516
_c1772516
100 _a20060302d2005 |||y0rusy50 ca
101 0 _arus
102 _aRU
105 _aa |||||||||
200 1 _aПо России и Советскому Союзу
_eграфика
_e[альбом]
_fАлексей Уранов
_g[сост. С.В. Королев]
_gРос. акад. наук, ГИПРОНИИ
210 _aМосква
_cНаука
_d2005
215 _a190,[1] с.
_cцв. ил.
_d22х29
600 1 _aУранов
_bА.С.
_gАлексей Сергеевич
_jАльбомы
_92420379
_3RU\NLR\auth\661441443
686 _aЩ153(2Р=Рус)7-8Уранов я61
700 1 _aУранов
_bА. С.
_gАлексей Сергеевич
_4070
702 1 _aКоролев
_bС. В.
_4220
801 0 _aRU
_bNLR
_c20060302
_grcr
801 1 _aRU
_bNLR
_c20060302
830 _aАвт. по кн.
942 _cBOOK
980 _aNB